Mezinárodní přeprava vývozních a dovozních zásilek zboží zahraničního obchodu
Salvato in:
| Autore principale: | |
|---|---|
| Altri autori: | |
| Natura: | Libro |
| Lingua: | ceco |
| Pubblicazione: |
Praha
Nakl. dopr. a spojů
1982
|
| Tags: |
Nessun Tag, puoi essere il primo ad aggiungerne!!
|
MARC
| LEADER | 00000nam a2200000 4500 | ||
|---|---|---|---|
| 001 | c128885 | ||
| 005 | 20041019155244.8 | ||
| 041 | 0 | |a cze | |
| 044 | |a CZ | ||
| 245 | 1 | 0 | |a Mezinárodní přeprava vývozních a dovozních zásilek zboží zahraničního obchodu |c Vladimír Rolenc, Pavel Šimek |
| 264 | 1 | |a Praha |b Nakl. dopr. a spojů |c 1982 | |
| 300 | |a 374 s. | ||
| 100 | 1 | |a Rolenc, Vladimír | |
| 700 | 1 | |a Šimek, Pavel | |